000 00703nas a2200229 4500
001 BR9501532
003 BR-BrBNA
005 20231205094310.0
007 ta
008 230509b bl.|||p| |||| 00| 00por d
040 _aBR-BrBNA
_bpor
_cBiblioteca Nacional de Agricultura
041 _a(En)
072 _aH20
100 1 _aMandal, B.
100 1 _aMuniyappa, V.
245 1 _aIsolation and detectioon of croton yellow vein mosaic virus, a whitefly transmitted geminivirus
650 _aCroton
650 _aMosaico
773 0 _tFitopatologia Brasileira (Brazil)
_xISSN 0100-4158
_g(Sep 1991), v. 16(3) p. 177-180
_wBR9501532
909 _a202311
_bLúcia
_c55
_dLúcia Elande
942 _2AGRIS
_n0
_cANA
999 _c143405
_d143405